|
|
|
|
| LEADER |
01285nam a2200301 a 4500 |
| 001 |
GR-Patra13967 |
| 008 |
950613s1996 gr g 001 b eng d |
| 020 |
|
|
|a 0827361890
|
| 040 |
|
|
|a GrPaTEI
|b gre
|c GR-PaULI
|
| 040 |
|
|
|a GrPaTEI
|b gre
|c GR-PaULI
|
| 082 |
|
0 |
|a 629.277
|2 21
|
| 245 |
0 |
0 |
|a Automotive heating and air conditioning :
|b Classroom manual /
|c Boyce H. Dwiggins.
|
| 246 |
3 |
3 |
|a Classroom manual for automotive heating and air conditioning
|
| 246 |
3 |
3 |
|a Shop manual for automotive heating and air conditioning
|
| 260 |
|
|
|a Albany :
|b Delmar Publishers,
|c c1996
|
| 300 |
|
|
|a xii, 260σ. :
|b εικ. (μερικές έγχρ.)
|
| 490 |
1 |
|
|a Today's technician
|
| 650 |
|
0 |
|a Automobiles
|x Air conditioning
|x Maintenance and repair
|
| 650 |
|
0 |
|a Automobiles
|x Heating and ventilation
|x Maintenance and repair
|
| 650 |
|
4 |
|a ΑΥΤΟΚΙΝΗΤΑ
|
| 650 |
|
4 |
|a ΚΛΙΜΑΤΙΣΜΟΙ ΑΥΤΟΚΙΝΗΤΩΝ
|
| 700 |
1 |
|
|a Dwiggins, Boyce H.
|
| 710 |
0 |
|
|a Delmar
|
| 830 |
|
0 |
|1 00113965
|1 2001
|a Today's technician
|
| 942 |
|
|
|2 ddc
|
| 952 |
|
|
|0 0
|1 0
|2 ddc
|4 0
|6 629_277000000000000
|7 0
|9 292975
|a LISK
|b LISK
|c BSC
|d 2021-01-17
|e 24
|f 0
|g 0.00
|l 0
|o 629.277
|p 92410018484
|r 2021-01-17 00:00:00
|t 1
|w 2021-01-17
|y BK15
|x 20001113 0 1
|x GrPaTEI
|
| 971 |
|
|
|a .b26614820
|b 15-04-20
|c 23-09-16
|
| 999 |
|
|
|c 171257
|d 171257
|